<?xml version="1.0" encoding="UTF-8"?>
<collection xmlns="http://www.loc.gov/MARC21/slim">
 <record>
  <leader>07214nam a2200385 a 4500</leader>
  <controlfield tag="001">kal1876</controlfield>
  <controlfield tag="003">Gr-AtHEAL</controlfield>
  <controlfield tag="005">20160427152618.0</controlfield>
  <controlfield tag="006">m        d        </controlfield>
  <controlfield tag="008">160413s2015    gr      s           gre|c</controlfield>
  <datafield tag="020" ind1=" " ind2=" ">
   <subfield code="a">9789606030871</subfield>
  </datafield>
  <datafield tag="040" ind1=" " ind2=" ">
   <subfield code="a">GR-AtHEAL</subfield>
   <subfield code="b">gre</subfield>
   <subfield code="c">GR-AtHEAL</subfield>
  </datafield>
  <datafield tag="082" ind1="0" ind2="4">
   <subfield code="a">300.721</subfield>
   <subfield code="2">23</subfield>
  </datafield>
  <datafield tag="100" ind1="1" ind2=" ">
   <subfield code="a">Δρακόπουλος, Σταύρος Α.</subfield>
   <subfield code="8">625</subfield>
  </datafield>
  <datafield tag="245" ind1="1" ind2="0">
   <subfield code="a">Μεθοδολογία κοινωνικών και οικονομικών επιστημών</subfield>
   <subfield code="h">[Ηλεκτρονικός πόρος] </subfield>
   <subfield code="b">Μία εισαγωγή</subfield>
   <subfield code="c">Δρακόπουλος, Σταύρος ; Γκότσης, Γεώργιος ; Γριμάνη, Αικατερίνη ; Κριτικός αναγνώστης,Ζουμπουλάκης, Μιχαήλ ; Τεχνική επιμέλεια,Τσακνής,Αντώνιος ; Γλωσσική επιμέλεια,Κατσέλη, Ιωάννα.</subfield>
  </datafield>
  <datafield tag="260" ind1=" " ind2=" ">
   <subfield code="a">Αθήνα :</subfield>
   <subfield code="b">Σύνδεσμος Ελληνικών Ακαδημαϊκών Βιβλιοθηκών,</subfield>
   <subfield code="c">c2015.</subfield>
  </datafield>
  <datafield tag="490" ind1=" " ind2=" ">
   <subfield code="a">Ακαδημαϊκά Ηλεκτρονικά Συγγράμματα και Βοηθήματα Κάλλιπος</subfield>
   <subfield code="8">40</subfield>
  </datafield>
  <datafield tag="505" ind1="0" ind2=" ">
   <subfield code="a">Φύση, λειτουργία της επιστήμης και σύντομη ιστορική αναδρομήΗ εξέλιξη της μεθοδολογίας των κοινωνικών επιστημών Θετικισμός και κοινωνικές επιστήμεςΚύρια μεθοδολογικά ρεύματα στις κοινωνικές επιστήμεςΑξιολογική ουδετερότητα στις κοινωνικές επιστήμεςΣύγχρονες προσεγγίσεις στη μεθοδολογία των κοινωνικών επιστημώνΜεθοδολογική εξέλιξη της οικονομικής επιστήμηςΚύρια ρεύματα οικονομικής μεθοδολογίαςΕτερόδοξες προσεγγίσεις στην οικονομική μεθοδολογία Σύγχρονες τάσεις οικονομικής μεθοδολογίας</subfield>
  </datafield>
  <datafield tag="520" ind1=" " ind2=" ">
   <subfield code="a">Το εγχειρίδιο αποτελείται από δύο μέρη. Στο πρώτο μέρος παρουσιάζονται βασικά στοιχεία της μεθοδολογίας των κοινωνικών επιστημών και στο δεύτερο μέρος βασικά στοιχεία της μεθοδολογίας της οικονομικής επιστήμης. Μετά από μία εισαγωγική παρουσίαση όπου περιγράφεται ο σκοπός και η χρησιμότητα του εγχειριδίου, το πρώτο κεφάλαιο ασχολείται με τη φύση και την λειτουργία της επιστήμης. Στο κεφάλαιο αυτό αναλύονται τα κύρια χαρακτηριστικά, έννοιες και τα εργαλεία της επιστήμης. Τέλος, γίνεται μία σύντομη ιστορική αναφορά στην Αρχαία, Μεσαιωνική και Σύγχρονη επιστήμη. Το επόμενο κεφάλαιο παρουσιάζει την εξέλιξη της μεθοδολογίας των κοινωνικών επιστημών, αρχίζοντας από τα κύρια μεθοδολογικά ρεύματα του 17ου αιώνα μέχρι τις κυρίαρχες τάσεις των αρχών του 2ου αιώνα. Το τρίτο κεφάλαιο εστιάζει στην επίδραση του θετικισμού και του λογικού θετικισμού στις κοινωνικές επιστήμες. Το τέταρτο κεφάλαιο περιγράφει τα κύρια μεθοδολογικά ρεύματα στις κοινωνικές επιστήμες όπως: αναγωγισμός, διαλεκτική μέθοδος, λειτουργισμός κ.α. Τα επόμενα δύο κεφάλαια παρουσιάζουν το πρόβλημα της αξιολογικής ουδετερότητας στις κοινωνικές επιστήμες, καθώς και τις σύγχρονες προσεγγίσεις των Popper, Kuhn, Lakatos και Fyerabend. Το δεύτερο μέρος αρχίζει με το κεφάλαιο επτά, όπου περιγράφεται η μεθοδολογική εξέλιξη της οικονομικής από τη σχολή κλασικής πολιτικής οικονομίας μέχρι το νεοκλασικό υπόδειγμα του Homo Economicus. Στο επόμενο κεφάλαιο αναλύονται τα κύρια ρεύματα οικονομικής μεθοδολογίας όπως ο Οπερασιοναλισμός του P. Samuelson, η προσέγγιση του Μ. Friedman και ο οικονομικός μεθοδολογικός ιμπεριαλισμός. Στο κεφάλαιο εννέα περιγράφονται ετερόδοξες προσεγγίσεις στην οικονομική μεθοδολογία όπως η νέο-θεσμική σχολή, και οι απόψεις των McCloskey και Lawson. Το κεφάλαιο δέκα εστιάζει στις σύγχρονες τάσεις της οικονομικής μεθοδολογίας όπως η επιστημολογία του Popper, το Κουνιανό παράδειγμα και η προσέγγιση του Laudan. Εν κατακλείδι, γίνεται σύνοψη και επισκόπηση των κεντρικών εννοιών του εγχειριδίου.</subfield>
  </datafield>
  <datafield tag="650" ind1=" " ind2="0">
   <subfield code="a">Social sciences</subfield>
   <subfield code="x">Methodology. </subfield>
   <subfield code="8">2708</subfield>
  </datafield>
  <datafield tag="653" ind1=" " ind2=" ">
   <subfield code="a">Ιστορία της οικονομικής σκέψης</subfield>
  </datafield>
  <datafield tag="653" ind1=" " ind2=" ">
   <subfield code="a">Φιλοσοφία των κοινωνικών επιστημών</subfield>
  </datafield>
  <datafield tag="653" ind1=" " ind2=" ">
   <subfield code="a">Μεθοδολογία οικονομικής</subfield>
  </datafield>
  <datafield tag="653" ind1=" " ind2=" ">
   <subfield code="a">Ιστορία</subfield>
   <subfield code="a">Ειδικές ιστορίες</subfield>
   <subfield code="a">Ιστορία των επιστημών και της τεχνολογίας</subfield>
  </datafield>
  <datafield tag="653" ind1=" " ind2=" ">
   <subfield code="a">Οικονομικές επιστήμες</subfield>
   <subfield code="a">Ιστορία της οικονομικής σκέψης, μεθοδολογία, και ετερόδοξες  προσεγγίσεις</subfield>
  </datafield>
  <datafield tag="653" ind1=" " ind2=" ">
   <subfield code="a">Φιλοσοφία</subfield>
   <subfield code="a">Κλάδοι φιλοσοφίας (εκτός ηθικής)</subfield>
   <subfield code="a">Φιλοσοφία της επιστήμης</subfield>
  </datafield>
  <datafield tag="653" ind1=" " ind2=" ">
   <subfield code="a">Ιστορία των επιστημών και της τεχνολογίας</subfield>
  </datafield>
  <datafield tag="700" ind1="1" ind2=" ">
   <subfield code="a">Γριμάνη, Αικατερίνη</subfield>
   <subfield code="e">Συγγραφέας</subfield>
   <subfield code="8">635</subfield>
  </datafield>
  <datafield tag="700" ind1="1" ind2=" ">
   <subfield code="a">Γκότσης, Γεώργιος</subfield>
   <subfield code="e">Συγγραφέας</subfield>
   <subfield code="8">636</subfield>
  </datafield>
  <datafield tag="700" ind1="1" ind2=" ">
   <subfield code="a">Ζουμπουλάκης, Μιχαήλ</subfield>
   <subfield code="e">Κριτικός αναγνώστης</subfield>
   <subfield code="8">637</subfield>
  </datafield>
  <datafield tag="856" ind1="4" ind2="0">
   <subfield code="u">http://hdl.handle.net/11419/1876</subfield>
   <subfield code="z">Πλήρες Κείμενο - Full text</subfield>
  </datafield>
  <datafield tag="907" ind1=" " ind2=" ">
   <subfield code="a">.b25677184</subfield>
   <subfield code="b">12-06-18</subfield>
   <subfield code="c">29-07-16</subfield>
  </datafield>
  <datafield tag="949" ind1=" " ind2=" ">
   <subfield code="0">0</subfield>
   <subfield code="1">0</subfield>
   <subfield code="2">ddc</subfield>
   <subfield code="4">0</subfield>
   <subfield code="6">300_721000000000000_ΔΡΑ</subfield>
   <subfield code="7">0</subfield>
   <subfield code="8">KALL</subfield>
   <subfield code="8">476</subfield>
   <subfield code="d">2016-04-13</subfield>
   <subfield code="r">2016-04-13</subfield>
   <subfield code="w">2016-04-13</subfield>
   <subfield code="z">300.721 ΔΡΑ</subfield>
   <subfield code="o">SEAB KALLIPOS</subfield>
  </datafield>
  <datafield tag="998" ind1=" " ind2=" ">
   <subfield code="a">80</subfield>
   <subfield code="a">01</subfield>
   <subfield code="a">02</subfield>
   <subfield code="a">03</subfield>
   <subfield code="a">04</subfield>
   <subfield code="a">05</subfield>
   <subfield code="a">06</subfield>
   <subfield code="a">07</subfield>
   <subfield code="a">08</subfield>
   <subfield code="a">09</subfield>
   <subfield code="a">10</subfield>
   <subfield code="a">11</subfield>
   <subfield code="a">12</subfield>
   <subfield code="a">13</subfield>
   <subfield code="a">14</subfield>
   <subfield code="a">15</subfield>
   <subfield code="a">16</subfield>
   <subfield code="a">17</subfield>
   <subfield code="a">18</subfield>
   <subfield code="a">19</subfield>
   <subfield code="a">20</subfield>
   <subfield code="a">21</subfield>
   <subfield code="a">22</subfield>
   <subfield code="a">23</subfield>
   <subfield code="a">24</subfield>
   <subfield code="a">25</subfield>
   <subfield code="a">26</subfield>
   <subfield code="b">15-07-08</subfield>
   <subfield code="c">m</subfield>
   <subfield code="d">z  </subfield>
   <subfield code="e">-</subfield>
   <subfield code="f">gre</subfield>
   <subfield code="g">gr </subfield>
   <subfield code="h">0</subfield>
  </datafield>
  <datafield tag="942" ind1=" " ind2=" ">
   <subfield code="2">ddc</subfield>
   <subfield code="c">KALLIPOS</subfield>
  </datafield>
 </record>
</collection>
